000 00639nam a2200229 i 4500
001 11223
003 ES-MaACL
005 20240501063020.0
007 t|
008 960322s1995 sp ||||1| spa d
020 _a84-7223-929-2
080 _a860-31"19"
100 1 _aMarí, Antonio,
_d1963-
_976642
245 1 3 _aEl Camino de Vincennes /
_cAntoni Marí.
250 _a1ª ed.
260 _aBarcelona :
_bTusquets,
_c1995.
300 _a209 p. ;
_c21 cm.
490 1 _aColección Andanzas ;
_v255
830 0 0 _aColección Andanzas
_v255
_9234359
852 _aES-MaACL
_jL-18553
_bR.124940
999 _c11223
_d11223